000 00991nam a2200289 a 4500
008
020 _a0521444101 (hbk.)
049 _aMAIN
090 _aP325
_bCOM
245 0 0 _aComputational lexical semantics /
_cedited by Patrick Saint-Dizier, Evelyne Viegas.
260 _aCambridge :
_bCambridge University Press,
_c1995.
300 _aix, 447 p. :
_bill. ;
_c24 cm.
440 0 _aStudies in natural language processing.
500 _aExtended versions of texts from a workshop organized in Toulouse, France, in Jan. 1992.
504 _aIncludes bibliographical references.
500 _aIncludes index.
650 0 _aSemantics
_xData processing.
650 0 _aComputational linguistics.
650 0 _aArtificial intelligence.
700 _aSaint-Dizier, Patrick.
700 1 _aViegas, Evelyne.
907 _a.b10143932
_b21-03-12
_c15-12-04
003
005 20230123133901.0
040 _cNUST
942 _cBOOKS
_kP325
_mCOM
999 _c156259
_d156259